000 00476nam a2200193Ia 4500
005 20250423094933.0
008 250422s9999 xx 000 0 und d
020 _a0-13-045064-2
050 _aHV 9950 .S35/
100 _aFrank Schmalleger
245 0 _aCriminal justice today: an introductory text for the 21st century
250 _a7th ed.
260 _aNew Jersey
260 _bPrentice Hall
260 _c2003
300 _a795 p
650 _aLaw
942 _cBK
999 _c28747
_d28747